00947cam a22002411i 4500001000700000003000900007005001700016008004100033035001900074040002900093041000800122082001900130100004900149245005500198250002000253260003300273300004000306500015300346650004800499942001200547999001900559952012700578114369DR-UNIBE20260309095753.0770823s1949 maua 000 0 eng  a(OCoLC)3212768 aDLCcDNIEdDLCbspaerda aeng a530 M647p 19491 aMiller, Fred Robinson,d1872-9202041eautor10aProgressive problems in physics /cFred R. Miller. aSexta edición aBoston :bD. C. Heath,c1949 avii, 237 páginas :bilustraciones a"Examination papers, College Entrance Examination Board": p. 175-205. "Regents' examinations, the University of the State of New York": p. 206-228. 7aFísicaxProblemas, ejercicios, etc.92592 2ddccBK c114369d114369 00102ddc708GENaPrincipalbPrincipald2026-01-01l0o530 M647p 1949p251177r2026-03-09 09:58:33tEj. 1w2026-03-09yBK